সকালীন আন্তর্জাতিক রাজনীতি / (Record no. 18410)
[ view plain ]
| 000 -LEADER | |
|---|---|
| fixed length control field | 00899nam a22002057a 4500 |
| 003 - CONTROL NUMBER IDENTIFIER | |
| control field | BDDh-ASL |
| 005 - DATE AND TIME OF LATEST TRANSACTION | |
| control field | 20231015025715.0 |
| 008 - FIXED-LENGTH DATA ELEMENTS--GENERAL INFORMATION | |
| fixed length control field | 200929b1990 ||||| |||| 00| 0 d |
| 040 ## - CATALOGING SOURCE | |
| Original cataloging agency | BDDh-ASL |
| Transcribing agency | BDDh-ASL |
| Modifying agency | BDDh-ASL |
| 041 ## - LANGUAGE CODE | |
| Language code of text/sound track or separate title | Bengali |
| 082 ## - DEWEY DECIMAL CLASSIFICATION NUMBER | |
| Classification number | 327.3 |
| Item number | SAM |
| 245 #0 - TITLE STATEMENT | |
| Title | সকালীন আন্তর্জাতিক রাজনীতি / |
| Statement of responsibility, etc. | আবুল কালাম (সম্পা.)। |
| 246 ## - VARYING FORM OF TITLE | |
| Title proper/short title | Samakalin Antrojatik Rajniti. |
| 260 ## - PUBLICATION, DISTRIBUTION, ETC. | |
| Place of publication, distribution, etc. | ঢাকা: |
| Name of publisher, distributor, etc. | একাডেমিক পাবলিশার্স, |
| Date of publication, distribution, etc. | ১৯৯০। |
| 300 ## - PHYSICAL DESCRIPTION | |
| Extent | ১৮৬ পৃষ্ঠা: |
| Dimensions | ২২ সে. মি.। |
| 504 ## - BIBLIOGRAPHY, ETC. NOTE | |
| Bibliography, etc. note | গ্রন্থপঞ্জি সংযুক্ত। |
| 650 #0 - SUBJECT ADDED ENTRY--TOPICAL TERM | |
| 9 (RLIN) | 1244 |
| Topical term or geographic name entry element | আন্তর্জাতিক সম্পর্ক |
| General subdivision | বিশ্ব রাজনীতি |
| 700 #0 - ADDED ENTRY--PERSONAL NAME | |
| 9 (RLIN) | 1243 |
| Personal name | কালাম, আবুল |
| 942 ## - ADDED ENTRY ELEMENTS (KOHA) | |
| Source of classification or shelving scheme | Dewey Decimal Classification |
| Koha item type | Books |
| Withdrawn status | Lost status | Source of classification or shelving scheme | Damaged status | Not for loan | Collection code | Home library | Current library | Shelving location | Date acquired | Source of acquisition | Total Checkouts | Full call number | Barcode | Date last seen | Copy number | Price effective from | Koha item type |
|---|---|---|---|---|---|---|---|---|---|---|---|---|---|---|---|---|---|
| Dewey Decimal Classification | Non-fiction | Asiatic Society Library | Asiatic Society Library | General Stacks | 09/29/2020 | ASB Collection | 327.3 SAM | 101596 | 09/29/2020 | C-1 | 09/29/2020 | Books |